[Event "Dr. Hetenyi Geza Memorial, GMB"]
[Site "Budapest"]
[Date "2017.12.12"]
[Round "1.1"]
[White "Martini, Balazs"]
[Black "Galyas, Miklos"]
[Result "0-1"]
[WhiteElo "2345"]
[BlackElo "2480"]
[PlyCount "79"]
[EventDate "2017.12.12"]
[EventType "tourn"]
[EventRounds "9"]
[EventCountry "HUN"]
[EventCategory "8"]

1. d4 d6 2. Bf4 g6 3. Nf3 Bg7 4. e3 Nd7 5. h3 e5 6. Bh2 Qe7 7. Nc3 c6 8. dxe5
Nxe5 9. Be2 Nf6 10. O-O O-O 11. e4 Nfd7 12. Nd4 Nc5 13. f4 Ned7 14. Bf3 Nb6 15.
Re1 Bd7 16. b3 Rad8 17. Qd2 Rfe8 18. Rad1 Bc8 19. Qf2 Qf8 20. Bg3 Ne6 21. Nde2
g5 22. f5 Nf4 23. Bxf4 gxf4 24. Qh4 Be5 25. Rd3 Qe7 26. Qh6 d5 27. Nxf4 Rd6 28.
f6 Rxf6 29. Qg5+ Kh8 30. Nfe2 Bxh3 31. Qh5 Qc5+ 32. Kh1 Qf2 33. Rg1 Bc8 34.
exd5 cxd5 35. Nd1 Qc5 36. Re3 Qd6 37. Qh4 Rh6 38. Bh5 Rg8 39. g4 d4 40. Rh3 0-1

[Event "Dr. Hetenyi Geza Memorial, GMB"]
[Site "Budapest"]
[Date "2017.12.12"]
[Round "1.2"]
[White "Czebe, Attila"]
[Black "Paschall, William"]
[Result "1/2-1/2"]
[WhiteElo "2451"]
[BlackElo "2370"]
[PlyCount "158"]
[EventDate "2017.12.12"]
[EventType "tourn"]
[EventRounds "9"]
[EventCountry "HUN"]
[EventCategory "8"]

1. Nf3 c5 2. b3 Nc6 3. Bb2 d6 4. d4 cxd4 5. Nxd4 Nf6 6. g3 Bd7 7. Bg2 Nxd4 8.
Qxd4 Bc6 9. O-O e6 10. Bxc6+ bxc6 11. e4 Be7 12. e5 dxe5 13. Qxe5 O-O 14. Nc3
Qb8 15. Qe2 Rd8 16. Rad1 Qb7 17. Na4 Rxd1 18. Rxd1 Rd8 19. Rxd8+ Bxd8 20. Nc5
Qc8 21. Qa6 Qxa6 22. Nxa6 Nd7 23. Nb4 c5 24. Nc6 Bb6 25. a4 a6 26. Kg2 f6 27.
f4 Kf7 28. Kf3 h5 29. h3 Bc7 30. g4 hxg4+ 31. hxg4 g6 32. Bc1 f5 33. Be3 e5 34.
gxf5 gxf5 35. fxe5 Ke6 36. c4 Bxe5 37. Bf4 Kd6 38. Nd8 Ke7 39. Nb7 Ke6 40. Be3
Bd6 41. Nd8+ Ke7 42. Bg5+ Ke8 43. Nb7 Ne5+ 44. Kf4 Kd7 45. Kxf5 Nc6 46. Be3 Kc7
47. Ke6 Bf8 48. Nxc5 Bxc5 49. Bxc5 Na5 50. Kd5 Nxb3 51. Bb4 Kd7 52. Be1 Kc7 53.
Bg3+ Kb7 54. Be1 Kc7 55. Bc3 Kd7 56. Bb4 Kc7 57. a5 Kd7 58. Ke4 Kc6 59. Ke3 Kd7
60. Kd3 Nc1+ 61. Kd2 Nb3+ 62. Kc3 Nc1 63. Kc2 Ne2 64. Kd3 Nc1+ 65. Kd2 Nb3+ 66.
Kc3 Nc1 67. Ba3 Ne2+ 68. Kd3 Ng3 69. Kd4 Kc6 70. Ke5 Ne2 71. Bb4 Nc1 72. Kd4
Ne2+ 73. Kd3 Nf4+ 74. Ke4 Ne6 75. Ba3 Nd8 76. Kd4 Nb7 77. Bb4 Nd8 78. Ke5 Nb7
79. Ke6 Nxa5 1/2-1/2

[Event "Dr. Hetenyi Geza Memorial, GMB"]
[Site "Budapest"]
[Date "2017.12.12"]
[Round "1.3"]
[White "Kosic, Dragan"]
[Black "Gonda, Laszlo"]
[Result "1/2-1/2"]
[WhiteElo "2454"]
[BlackElo "2507"]
[PlyCount "70"]
[EventDate "2017.12.12"]
[EventType "tourn"]
[EventRounds "9"]
[EventCountry "HUN"]
[EventCategory "8"]

1. d4 Nf6 2. Nf3 e6 3. Bf4 d5 4. e3 c5 5. Nbd2 Nc6 6. c3 cxd4 7. exd4 Nh5 8.
Be3 Bd6 9. Ne5 g6 10. Ndf3 f6 11. Ng4 O-O 12. Bh6 Re8 13. Ne3 Qc7 14. Bb5 Bd7
15. O-O Nd8 16. Bxd7 Qxd7 17. Ng4 Nf7 18. Be3 Bf8 19. h3 b5 20. Ne1 e5 21. dxe5
fxe5 22. Nd3 Qf5 23. a4 d4 24. cxd4 exd4 25. Bc1 a5 26. Nh2 Qd5 27. axb5 Qxb5
28. Ra4 Bg7 29. Nf3 Rac8 30. Nxd4 Qd7 31. Nf3 Red8 32. Re4 Nf6 33. Rd4 Nd5 34.
Nf4 Bxd4 35. Qxd4 Nxf4 1/2-1/2

[Event "Dr. Hetenyi Geza Memorial, GMB"]
[Site "Budapest"]
[Date "2017.12.12"]
[Round "1.4"]
[White "Bokros, Albert"]
[Black "Sedlak, Nikola"]
[Result "0-1"]
[WhiteElo "2483"]
[BlackElo "2552"]
[PlyCount "94"]
[EventDate "2017.12.12"]
[EventType "tourn"]
[EventRounds "9"]
[EventCountry "HUN"]
[EventCategory "8"]

1. e4 c6 2. d4 d5 3. Nc3 dxe4 4. Nxe4 Nf6 5. Nxf6+ exf6 6. Nf3 Bd6 7. Be2 O-O
8. O-O Qc7 9. Be3 Rd8 10. h3 Nd7 11. c4 Nf8 12. Qb3 Be6 13. Rfd1 b5 14. Qc2
bxc4 15. Bxc4 Ng6 16. Bxe6 fxe6 17. Rac1 Ne7 18. Re1 Qd7 19. Bd2 Re8 20. Qc4
Kf7 21. Bb4 Bxb4 22. Qxb4 Rab8 23. Qd2 Rb5 24. b3 h5 25. Rc4 Rd5 26. Qc2 Rh8
27. Rc1 g5 28. Qe4 Rf5 29. g3 h4 30. Kg2 hxg3 31. fxg3 Qd6 32. Rc5 Rxc5 33.
Rxc5 Nf5 34. Qe1 Nxd4 35. Nxd4 Qxd4 36. Qc3 Qe4+ 37. Qf3 Qb1 38. Qxc6 Qxa2+ 39.
Rc2 Qxb3 40. Qd7+ Kg6 41. Rc7 Qa2+ 42. Kg1 Qb1+ 43. Kf2 Qf5+ 44. Kg1 Qxh3 45.
Qf7+ Kf5 46. Rc5+ e5 47. Qd7+ Kg6 0-1

[Event "Dr. Hetenyi Geza Memorial, GMB"]
[Site "Budapest"]
[Date "2017.12.12"]
[Round "1.5"]
[White "Sredojevic, Ivan"]
[Black "Jakab, Attila"]
[Result "1-0"]
[WhiteElo "2376"]
[BlackElo "2358"]
[PlyCount "81"]
[EventDate "2017.12.12"]
[EventType "tourn"]
[EventRounds "9"]
[EventCountry "HUN"]
[EventCategory "8"]

1. Nf3 d5 2. c4 c6 3. e3 Nf6 4. b3 Bf5 5. Bb2 e6 6. Nc3 Nbd7 7. Be2 Bd6 8. Nh4
Bg6 9. Nxg6 hxg6 10. g3 Qe7 11. a3 O-O 12. cxd5 exd5 13. O-O Ne4 14. Nxe4 dxe4
15. d3 exd3 16. Qxd3 Be5 17. Bxe5 Nxe5 18. Qc3 g5 19. Rad1 Rad8 20. b4 g4 21.
Rd4 Qf6 22. Rfd1 Nf3+ 23. Bxf3 gxf3 24. Qd3 Rxd4 25. Qxd4 Qe6 26. Qd7 Qb3 27.
Qd3 Qe6 28. e4 f5 29. e5 Qxe5 30. Qxf3 f4 31. g4 g5 32. h3 Rf7 33. Kg2 Kg7 34.
Rd2 b6 35. Re2 Qf6 36. Rc2 Rc7 37. h4 c5 38. Rc4 Qc6 39. hxg5 Kg6 40. bxc5 Kxg5
41. Re4 1-0

[Event "Dr. Hetenyi Geza Memorial, GMB"]
[Site "Budapest"]
[Date "2017.12.13"]
[Round "2.1"]
[White "Galyas, Miklos"]
[Black "Jakab, Attila"]
[Result "1-0"]
[WhiteElo "2480"]
[BlackElo "2358"]
[PlyCount "49"]
[EventDate "2017.12.12"]
[EventType "tourn"]
[EventRounds "9"]
[EventCountry "HUN"]
[EventCategory "8"]

1. d4 d5 2. Bf4 Nf6 3. e3 c5 4. c3 e6 5. Nd2 Nc6 6. Ngf3 Bd6 7. Bg3 O-O 8. Bd3
Qe7 9. Ne5 Nd7 10. Nxd7 Bxd7 11. Bxd6 Qxd6 12. dxc5 Qxc5 13. Bxh7+ Kxh7 14.
Qh5+ Kg8 15. Ne4 Qb5 16. Ng5 Rfd8 17. Qxf7+ Kh8 18. Qh5+ Kg8 19. O-O-O Qa4 20.
Kb1 e5 21. e4 d4 22. Rd3 Be8 23. Qh7+ Kf8 24. Qf5+ Kg8 25. Qe6+ 1-0

[Event "Dr. Hetenyi Geza Memorial, GMB"]
[Site "Budapest"]
[Date "2017.12.13"]
[Round "2.2"]
[White "Sedlak, Nikola"]
[Black "Sredojevic, Ivan"]
[Result "1-0"]
[WhiteElo "2552"]
[BlackElo "2376"]
[PlyCount "85"]
[EventDate "2017.12.12"]
[EventType "tourn"]
[EventRounds "9"]
[EventCountry "HUN"]
[EventCategory "8"]

1. d4 Nf6 2. Nf3 d5 3. Bf4 c5 4. e3 Nc6 5. Nbd2 e6 6. c3 Bd6 7. Bg3 O-O 8. Bd3
b6 9. Qe2 Re8 10. e4 Be7 11. Ne5 Bb7 12. Nxc6 Bxc6 13. e5 Nd7 14. Nf3 c4 15.
Bc2 b5 16. h4 Nf8 17. Bf4 a5 18. Ng5 Bxg5 19. Bxg5 f6 20. Bf4 Ra7 21. h5 b4 22.
h6 g6 23. exf6 Qxf6 24. Qd2 Nd7 25. O-O e5 26. Bg5 Qf8 27. Rae1 bxc3 28. bxc3
Raa8 29. dxe5 Nxe5 30. Qd4 Nf7 31. Qf6 Nxg5 32. Qxc6 Qf7 33. f4 Rxe1 34. Rxe1
Rf8 35. Rf1 Qe6 36. Qc5 Ne4 37. Qd4 Rf7 38. Rb1 Nf6 39. f5 gxf5 40. Qf4 Ne4 41.
Bxe4 dxe4 42. Rb8+ Rf8 43. Qg5+ 1-0

[Event "Dr. Hetenyi Geza Memorial, GMB"]
[Site "Budapest"]
[Date "2017.12.13"]
[Round "2.3"]
[White "Gonda, Laszlo"]
[Black "Bokros, Albert"]
[Result "1-0"]
[WhiteElo "2507"]
[BlackElo "2483"]
[PlyCount "73"]
[EventDate "2017.12.12"]
[EventType "tourn"]
[EventRounds "9"]
[EventCountry "HUN"]
[EventCategory "8"]

1. Nf3 Nf6 2. c4 e6 3. g3 d5 4. Bg2 c5 5. cxd5 Nxd5 6. O-O Be7 7. d4 Nc6 8.
dxc5 Bxc5 9. Bd2 O-O 10. Nc3 Nxc3 11. Bxc3 Qe7 12. Ne5 Nxe5 13. Bxe5 f6 14. Bd4
Bxd4 15. Qxd4 e5 16. Qe3 Be6 17. a3 Rfd8 18. Rfd1 Rd7 19. h4 Qd8 20. Rxd7 Qxd7
21. Rc1 h6 22. Kh2 Kh8 23. Rc3 Kg8 24. Bf3 Kh8 25. Rd3 Qe7 26. b4 a5 27. bxa5
Bc4 28. Rc3 Ba6 29. Qe4 Qf7 30. h5 Rd8 31. Qf5 Kg8 32. Rc8 Qe7 33. Bd5+ Kf8 34.
Qh7 Qd7 35. Rxd8+ Qxd8 36. Qg8+ Ke7 37. Qe6+ 1-0

[Event "Dr. Hetenyi Geza Memorial, GMB"]
[Site "Budapest"]
[Date "2017.12.13"]
[Round "2.4"]
[White "Paschall, William"]
[Black "Kosic, Dragan"]
[Result "1/2-1/2"]
[WhiteElo "2370"]
[BlackElo "2454"]
[PlyCount "60"]
[EventDate "2017.12.12"]
[EventType "tourn"]
[EventRounds "9"]
[EventCountry "HUN"]
[EventCategory "8"]

1. Nf3 d5 2. g3 Nf6 3. Bg2 c5 4. O-O Nc6 5. d4 e6 6. c4 dxc4 7. Qa4 Bd7 8. Qxc4
cxd4 9. Nxd4 Rc8 10. Nxc6 Bxc6 11. Bxc6+ Rxc6 12. Qb3 Qb6 13. Qxb6 Rxb6 14. Nc3
Be7 15. b3 O-O 16. Bb2 Rc8 17. Rfc1 Rbc6 18. Nd1 Nd5 19. Rxc6 Rxc6 20. Rc1 Rxc1
21. Bxc1 f5 22. Kf1 b5 23. Bd2 Kf7 24. Ne3 Nxe3+ 25. Bxe3 a6 26. f3 g6 27. h3
Ke8 28. Ke1 Kd7 29. g4 Kc6 30. Kd2 Kd5 1/2-1/2

[Event "Dr. Hetenyi Geza Memorial, GMB"]
[Site "Budapest"]
[Date "2017.12.13"]
[Round "2.5"]
[White "Martini, Balazs"]
[Black "Czebe, Attila"]
[Result "1/2-1/2"]
[WhiteElo "2345"]
[BlackElo "2451"]
[PlyCount "117"]
[EventDate "2017.12.12"]
[EventType "tourn"]
[EventRounds "9"]
[EventCountry "HUN"]
[EventCategory "8"]

1. Nf3 b6 2. g3 Bb7 3. Bg2 g6 4. O-O Bg7 5. d4 Nf6 6. c4 O-O 7. Nc3 Ne4 8. Nxe4
Bxe4 9. Be3 d6 10. Qd2 Nd7 11. Bh6 Nf6 12. Bxg7 Kxg7 13. d5 Qd7 14. Nd4 Bxg2
15. Kxg2 e5 16. dxe6 fxe6 17. Kg1 e5 18. Nc2 Qh3 19. f3 e4 20. Ne3 Rae8 21.
Rae1 Re5 22. f4 Ra5 23. a3 h5 24. Rf2 h4 25. Rg2 hxg3 26. Rxg3 Qc8 27. f5 Kf7
28. fxg6+ Kg7 29. Rf1 Re5 30. Qe1 Nh5 31. Rg4 Rf6 32. Rxf6 Nxf6 33. Rg2 Qh3 34.
Qf2 Qe6 35. Qh4 Rh5 36. Qf4 Ng8 37. Kh1 Nh6 38. Rg3 b5 39. b3 bxc4 40. bxc4 Qe5
41. Qxe5+ Rxe5 42. Ng4 Nxg4 43. Rxg4 Ra5 44. Rg3 Rf5 45. Kg2 c5 46. Rg4 d5 47.
cxd5 Rxd5 48. Kf2 c4 49. Rxe4 Ra5 50. Rxc4 Rxa3 51. Rc6 Rh3 52. Kg2 Re3 53. h4
Rxe2+ 54. Kf3 Re5 55. Kg4 Kh6 56. Ra6 Rb5 57. h5 Rg5+ 58. Kf4 Rxh5 59. g7+
1/2-1/2

[Event "Dr. Hetenyi Geza Memorial, GMB"]
[Site "Budapest"]
[Date "2017.12.14"]
[Round "3.1"]
[White "Czebe, Attila"]
[Black "Galyas, Miklos"]
[Result "0-1"]
[WhiteElo "2451"]
[BlackElo "2480"]
[PlyCount "92"]
[EventDate "2017.12.12"]
[EventType "tourn"]
[EventRounds "9"]
[EventCountry "HUN"]
[EventCategory "8"]

1. d4 d6 2. g3 g6 3. Bg2 Bg7 4. Nf3 f5 5. Nc3 Nf6 6. Bg5 Ne4 7. h4 h6 8. Be3
Nc6 9. Nd2 Nf6 10. Nb3 Ng4 11. Qd2 a5 12. a4 Nxe3 13. Qxe3 O-O 14. O-O-O Nb4
15. Nd5 e6 16. Nf4 Qe8 17. c3 Na6 18. Kc2 e5 19. dxe5 dxe5 20. Nd3 e4 21. Nf4
Bd7 22. Nxa5 b6 23. Nxg6 bxa5 24. Nxf8 Bxa4+ 25. Kc1 Bxd1 26. Rxd1 Qxf8 27. Rd5
Rd8 28. Rxa5 Qf7 29. Ra3 Qd5 30. Kb1 Nc5 31. Qc1 Nb3 32. Qc2 Nd2+ 33. Kc1 Nc4
34. Ra4 Rb8 35. b3 Na5 36. b4 Nc4 37. g4 Nd6 38. Ra5 Rb5 39. Ra7 Qc4 40. gxf5
Bxc3 41. Ra3 Be5 42. Ra8+ Kg7 43. Qxc4 Nxc4 44. Bxe4 Rxb4 45. h5 Nb6 46. f6+
Kxf6 0-1

[Event "Dr. Hetenyi Geza Memorial, GMB"]
[Site "Budapest"]
[Date "2017.12.14"]
[Round "3.2"]
[White "Kosic, Dragan"]
[Black "Martini, Balazs"]
[Result "1-0"]
[WhiteElo "2454"]
[BlackElo "2345"]
[PlyCount "63"]
[EventDate "2017.12.12"]
[EventType "tourn"]
[EventRounds "9"]
[EventCountry "HUN"]
[EventCategory "8"]

1. d4 Nf6 2. Nf3 g6 3. c4 Bg7 4. Nc3 d6 5. e4 O-O 6. Be2 e5 7. Be3 Ng4 8. Bg5
f6 9. Bh4 g5 10. Bg3 Nh6 11. h3 Nc6 12. d5 Ne7 13. Bh2 g4 14. hxg4 Bxg4 15. Bg3
Bxf3 16. Bxf3 f5 17. Qd2 f4 18. Bh4 Bf6 19. O-O-O Kg7 20. Bxf6+ Rxf6 21. Rh5
Nf7 22. Rdh1 h6 23. Bg4 Rg6 24. f3 Ng8 25. Bf5 Rg5 26. R5h3 Qe7 27. Qf2 Nf6 28.
Be6 Rg6 29. Rh4 c5 30. Ne2 Ne8 31. Bxf7 Qxf7 32. g3 1-0

[Event "Dr. Hetenyi Geza Memorial, GMB"]
[Site "Budapest"]
[Date "2017.12.14"]
[Round "3.3"]
[White "Bokros, Albert"]
[Black "Paschall, William"]
[Result "1/2-1/2"]
[WhiteElo "2483"]
[BlackElo "2370"]
[PlyCount "60"]
[EventDate "2017.12.12"]
[EventType "tourn"]
[EventRounds "9"]
[EventCountry "HUN"]
[EventCategory "8"]

1. e4 c5 2. Nf3 Nc6 3. d4 cxd4 4. Nxd4 g6 5. c4 Bg7 6. Be3 Nf6 7. Nc3 O-O 8.
Be2 d6 9. O-O Nxd4 10. Bxd4 Bd7 11. Qd2 Bc6 12. f3 a5 13. b3 Nd7 14. Be3 Nc5
15. Rab1 Qb6 16. Rfc1 Rfc8 17. Rc2 Qd8 18. Bf1 h5 19. Nd5 e6 20. Nc3 Be5 21.
Rd1 Qe7 22. Ne2 b6 23. Nd4 Bb7 24. Nb5 Kh7 25. Qf2 Rd8 26. Bd4 Bxd4 27. Nxd4 d5
28. exd5 exd5 29. Rcd2 dxc4 30. Bxc4 Qf6 1/2-1/2

[Event "Dr. Hetenyi Geza Memorial, GMB"]
[Site "Budapest"]
[Date "2017.12.14"]
[Round "3.4"]
[White "Sredojevic, Ivan"]
[Black "Gonda, Laszlo"]
[Result "1/2-1/2"]
[WhiteElo "2376"]
[BlackElo "2507"]
[PlyCount "69"]
[EventDate "2017.12.12"]
[EventType "tourn"]
[EventRounds "9"]
[EventCountry "HUN"]
[EventCategory "8"]

1. Nf3 d5 2. g3 Bg4 3. Bg2 c6 4. O-O Nf6 5. d3 e6 6. Nbd2 Be7 7. h3 Bh5 8. Qe1
Nbd7 9. e4 O-O 10. a4 a5 11. Nb3 Nc5 12. Nxc5 Bxc5 13. Nd2 Re8 14. Nb3 Bb6 15.
Bg5 h6 16. Be3 e5 17. Kh1 Bg6 18. Rd1 Bxe3 19. Qxe3 Qe7 20. c3 Qc7 21. Rfe1
Rad8 22. Kg1 b6 23. Qc1 Rd7 24. Rd2 c5 25. exd5 Nxd5 26. d4 cxd4 27. Nxd4 e4
28. Nb5 Qc5 29. Rd4 Nf6 30. Qd2 Red8 31. Qf4 Rxd4 32. Nxd4 Nd5 33. Qe5 Nxc3 34.
Qxc5 bxc5 35. Nc6 1/2-1/2

[Event "Dr. Hetenyi Geza Memorial, GMB"]
[Site "Budapest"]
[Date "2017.12.14"]
[Round "3.5"]
[White "Jakab, Attila"]
[Black "Sedlak, Nikola"]
[Result "1/2-1/2"]
[WhiteElo "2358"]
[BlackElo "2552"]
[PlyCount "105"]
[EventDate "2017.12.12"]
[EventType "tourn"]
[EventRounds "9"]
[EventCountry "HUN"]
[EventCategory "8"]

1. d4 e6 2. e4 d5 3. exd5 exd5 4. Bd3 Bd6 5. Nf3 Ne7 6. O-O Nbc6 7. h3 Nb4 8.
Bb5+ Bd7 9. a4 a6 10. Bxd7+ Qxd7 11. c3 Nbc6 12. b3 O-O 13. Ba3 Ng6 14. Bxd6
Qxd6 15. Nbd2 Rae8 16. Qc2 Nf4 17. Rfe1 h6 18. Kf1 g6 19. Rxe8 Rxe8 20. Re1
Rxe1+ 21. Nxe1 Qe6 22. Ndf3 Kg7 23. Nd3 Qe4 24. Nfe1 Nxd3 25. Qxd3 Na5 26. b4
Nc4 27. a5 b6 28. Qxe4 dxe4 29. b5 bxa5 30. bxa6 f5 31. Nc2 Kf6 32. Na3 Nb6 33.
a7 a4 34. Nc4 Na8 35. d5 f4 36. Ke2 Ke7 37. Kd1 Kd8 38. Nd2 a3 39. Kc2 e3 40.
fxe3 fxe3 41. Nf3 Kc8 42. Kb3 Kb7 43. Kxa3 Nb6 44. Kb4 Nxd5+ 45. Kc4 Nf4 46. g3
Nxh3 47. Kd3 Kxa7 48. Kxe3 Kb6 49. Nh4 g5 50. Nf5 h5 51. Ng7 h4 52. gxh4 gxh4
53. Nf5 1/2-1/2

[Event "Dr. Hetenyi Geza Memorial, GMB"]
[Site "Budapest"]
[Date "2017.12.15"]
[Round "4.1"]
[White "Galyas, Miklos"]
[Black "Sedlak, Nikola"]
[Result "1/2-1/2"]
[WhiteElo "2480"]
[BlackElo "2552"]
[PlyCount "120"]
[EventDate "2017.12.12"]
[EventType "tourn"]
[EventRounds "9"]
[EventCountry "HUN"]
[EventCategory "8"]

1. c4 e5 2. Nc3 Nc6 3. Nf3 Nf6 4. e3 d6 5. d4 Bd7 6. Be2 g6 7. O-O Bg7 8. dxe5
dxe5 9. Qc2 O-O 10. Rd1 Qc8 11. e4 Bg4 12. Be3 Re8 13. Nd5 Bxf3 14. Bxf3 h5 15.
Rac1 Nd4 16. Bxd4 exd4 17. Rxd4 Nd7 18. Rdd1 c6 19. Nc3 Nc5 20. g3 h4 21. Re1
hxg3 22. hxg3 Qh3 23. Bg2 Qh8 24. e5 Bxe5 25. Ne4 Nxe4 26. Qxe4 Re6 27. Qc2
Rae8 28. Rcd1 Bxg3 29. Rxe6 Qh2+ 30. Kf1 Rxe6 31. Rd8+ Kg7 32. Qc3+ Be5 33. Qh3
Qxh3 34. Bxh3 Rf6 35. b3 Bg3 36. Rd2 Bd6 37. Bc8 b6 38. Bh3 Bb4 39. Rd7 Bc5 40.
Rd2 Be3 41. Re2 Bd4 42. Bg2 Bc5 43. Rd2 Kf8 44. Bh3 Ke7 45. Kg2 Bd6 46. Bg4 Rf4
47. Bf3 Kd7 48. c5 bxc5 49. Be2 Rd4 50. Rc2 f5 51. Bc4 Be5 52. Re2 Kd6 53. Re3
g5 54. Rh3 Rg4+ 55. Kf1 Bd4 56. Rf3 Ke5 57. Bd3 Rf4 58. Kg2 Rg4+ 59. Kf1 f4 60.
Rh3 Rh4 1/2-1/2

[Event "Dr. Hetenyi Geza Memorial, GMB"]
[Site "Budapest"]
[Date "2017.12.15"]
[Round "4.2"]
[White "Gonda, Laszlo"]
[Black "Jakab, Attila"]
[Result "1/2-1/2"]
[WhiteElo "2507"]
[BlackElo "2358"]
[PlyCount "70"]
[EventDate "2017.12.12"]
[EventType "tourn"]
[EventRounds "9"]
[EventCountry "HUN"]
[EventCategory "8"]

1. d4 Nf6 2. c4 e6 3. Nf3 d5 4. Nc3 c6 5. Bg5 Nbd7 6. cxd5 exd5 7. e3 Bd6 8.
Bd3 Nf8 9. Qc2 Ng6 10. Nh4 O-O 11. O-O-O h6 12. Nxg6 fxg6 13. Bf4 Ng4 14. h3
Nxf2 15. Qxf2 g5 16. g3 gxf4 17. gxf4 Bf5 18. Bxf5 Rxf5 19. Rhg1 Qd7 20. Rg3
Re8 21. Rdg1 Rf7 22. Qc2 Re6 23. Kb1 Kh8 24. Qd3 Qe8 25. Rf3 Rfe7 26. Nd1 c5
27. f5 c4 28. Qc2 Rf6 29. Rgf1 b5 30. Nc3 Qc6 31. e4 dxe4 32. d5 Qb7 33. Nxe4
Be5 34. Nxf6 Bxf6 35. Rd1 Re5 1/2-1/2

[Event "Dr. Hetenyi Geza Memorial, GMB"]
[Site "Budapest"]
[Date "2017.12.15"]
[Round "4.3"]
[White "Paschall, William"]
[Black "Sredojevic, Ivan"]
[Result "1/2-1/2"]
[WhiteElo "2370"]
[BlackElo "2376"]
[PlyCount "50"]
[EventDate "2017.12.12"]
[EventType "tourn"]
[EventRounds "9"]
[EventCountry "HUN"]
[EventCategory "8"]

1. Nf3 g6 2. e4 Bg7 3. d4 d6 4. Nc3 Nf6 5. Be2 O-O 6. O-O Nc6 7. h3 e5 8. dxe5
Nxe5 9. Nxe5 dxe5 10. Qxd8 Rxd8 11. Bg5 c6 12. a4 Be6 13. Rfd1 Rd4 14. Bf3 a5
15. Be3 Rd7 16. g4 h6 17. Be2 Bf8 18. f3 Kg7 19. Kf2 Be7 20. b3 Rf8 21. Kg2 Ra8
22. Kf2 Rf8 23. Kg2 Ra8 24. Kf2 Rf8 25. Kg2 Ra8 1/2-1/2

[Event "Dr. Hetenyi Geza Memorial, GMB"]
[Site "Budapest"]
[Date "2017.12.15"]
[Round "4.4"]
[White "Martini, Balazs"]
[Black "Bokros, Albert"]
[Result "0-1"]
[WhiteElo "2345"]
[BlackElo "2483"]
[PlyCount "104"]
[EventDate "2017.12.12"]
[EventType "tourn"]
[EventRounds "9"]
[EventCountry "HUN"]
[EventCategory "8"]

1. d4 d5 2. Bf4 Nf6 3. e3 c5 4. c3 Nc6 5. Nd2 e6 6. Ngf3 cxd4 7. exd4 Nh5 8.
Bg5 f6 9. Be3 Bd6 10. g3 g6 11. Be2 Ng7 12. Nb3 Nf5 13. Bd2 O-O 14. g4 Ng7 15.
Bh6 Re8 16. Qd2 Qc7 17. O-O-O a5 18. Kb1 a4 19. Nc1 Na5 20. a3 Bd7 21. h4 Bc6
22. h5 g5 23. Bd3 Re7 24. Qc2 Ne8 25. Rde1 Nc4 26. Ka1 Bf4 27. Ne2 Ra5 28. Nh4
Rb5 29. Rb1 Bd6 30. Ng2 Rf7 31. Ne3 Nxe3 32. fxe3 Rb3 33. Nc1 Rb6 34. Rf1 Qe7
35. Na2 e5 36. dxe5 Bxe5 37. Rbe1 Nd6 38. Nb4 Qe6 39. Nxc6 bxc6 40. Qxa4 Rfb7
41. Re2 Nf7 42. Bxh7+ Kxh7 43. Qc2+ Kh8 44. Qg6 Nxh6 45. Qxh6+ Kg8 46. Qg6+ Rg7
47. Qc2 Kh8 48. Rf5 Rg8 49. Ref2 Rb7 50. Qd3 Rgb8 51. Kb1 c5 52. Rc2 Rb3 0-1

[Event "Dr. Hetenyi Geza Memorial, GMB"]
[Site "Budapest"]
[Date "2017.12.15"]
[Round "4.5"]
[White "Czebe, Attila"]
[Black "Kosic, Dragan"]
[Result "1-0"]
[WhiteElo "2451"]
[BlackElo "2454"]
[PlyCount "71"]
[EventDate "2017.12.12"]
[EventType "tourn"]
[EventRounds "9"]
[EventCountry "HUN"]
[EventCategory "8"]

1. e4 e6 2. Qe2 d5 3. exd5 Qxd5 4. Nc3 Qd8 5. g3 Bd7 6. Bg2 Bc6 7. Nf3 Nf6 8.
O-O Nbd7 9. Bh3 Bxf3 10. Qxf3 c6 11. d3 Be7 12. Bd2 a5 13. Rae1 O-O 14. g4 Nd5
15. Ne4 Ne5 16. Qd1 Ng6 17. f4 Qb6+ 18. Kh1 Qxb2 19. f5 Nh4 20. c4 Nb4 21. f6
Bxf6 22. Rxf6 gxf6 23. g5 Nxd3 24. Rf1 Rfd8 25. Nxf6+ Kf8 26. Qh5 Ng6 27. Be3
Ke7 28. Qxh7 Rf8 29. Qg7 Qe5 30. Bd4 Qe2 31. Bg2 c5 32. Ng8+ Kd6 33. Rb1 b5 34.
Nh6 Ra7 35. cxb5 Ngf4 36. Qxf8+ 1-0

[Event "Dr. Hetenyi Geza Memorial, GMB"]
[Site "Budapest"]
[Date "2017.12.16"]
[Round "5.1"]
[White "Kosic, Dragan"]
[Black "Galyas, Miklos"]
[Result "0-1"]
[WhiteElo "2454"]
[BlackElo "2480"]
[PlyCount "98"]
[EventDate "2017.12.12"]
[EventType "tourn"]
[EventRounds "9"]
[EventCountry "HUN"]
[EventCategory "8"]

1. d4 d6 2. e4 Nf6 3. Nc3 g6 4. Be3 c6 5. Qd2 Nbd7 6. Nf3 b5 7. Bd3 e5 8. O-O
Bg7 9. Bh6 O-O 10. Ne2 Re8 11. Bxg7 Kxg7 12. Ng3 h6 13. a4 bxa4 14. Rxa4 Nb6
15. Ra3 Bg4 16. dxe5 dxe5 17. Qe3 Bxf3 18. Qxf3 a5 19. Ne2 Qd6 20. Qe3 Nfd7 21.
Rfa1 a4 22. Nc3 Qb4 23. Nd1 Qd6 24. Be2 Nc5 25. Rc3 Nbd7 26. Rc4 Reb8 27. Qc3
Rb6 28. Bg4 h5 29. Bxd7 Nxd7 30. Ne3 Rab8 31. Rd1 Qe6 32. f4 Rxb2 33. Rxc6 Qe8
34. fxe5 Nxe5 35. Rc5 R2b5 36. Rdd5 Rxc5 37. Qxc5 Ng4 38. Nxg4 hxg4 39. Qd4+
Kg8 40. Re5 Qc6 41. Rc5 Qa6 42. Qd3 Qb6 43. Qe3 Qf6 44. h3 gxh3 45. e5 Qh4 46.
gxh3 Rb1+ 47. Kg2 Re1 48. Qd2 Qe4+ 49. Kf2 Rh1 0-1

[Event "Dr. Hetenyi Geza Memorial, GMB"]
[Site "Budapest"]
[Date "2017.12.16"]
[Round "5.2"]
[White "Bokros, Albert"]
[Black "Czebe, Attila"]
[Result "1/2-1/2"]
[WhiteElo "2483"]
[BlackElo "2451"]
[PlyCount "68"]
[EventDate "2017.12.12"]
[EventType "tourn"]
[EventRounds "9"]
[EventCountry "HUN"]
[EventCategory "8"]

1. e4 e5 2. Nf3 Nc6 3. Bb5 a6 4. Bxc6 dxc6 5. O-O f6 6. d4 exd4 7. Nxd4 c5 8.
Nb3 Qxd1 9. Rxd1 Bg4 10. f3 Bd7 11. Nc3 O-O-O 12. Bf4 c4 13. Na5 Bc5+ 14. Kf1
b5 15. Nd5 Ne7 16. Bxc7 Nxd5 17. Rxd5 Kxc7 18. Rxc5+ Kb6 19. b4 cxb3 20. Nxb3
Be6 21. Rc3 Rc8 22. Rxc8 Rxc8 23. Nd4 Bf7 24. Ke2 Rc3 25. Kd2 Ra3 26. Nb3 a5
27. Kc3 b4+ 28. Kb2 a4 29. Nd4 Kc5 30. Ne2 Bc4 31. Ng3 g6 32. Nf1 Kd4 33. Rd1+
Kc5 34. Ra1 Kd4 1/2-1/2

[Event "Dr. Hetenyi Geza Memorial, GMB"]
[Site "Budapest"]
[Date "2017.12.16"]
[Round "5.4"]
[White "Jakab, Attila"]
[Black "Paschall, William"]
[Result "1-0"]
[WhiteElo "2358"]
[BlackElo "2370"]
[PlyCount "95"]
[EventDate "2017.12.12"]
[EventType "tourn"]
[EventRounds "9"]
[EventCountry "HUN"]
[EventCategory "8"]

1. d4 Nf6 2. c4 e6 3. Nc3 Bb4 4. e3 c5 5. Nf3 O-O 6. Bd3 d5 7. O-O dxc4 8. Bxc4
cxd4 9. exd4 Qc7 10. Qd3 Bxc3 11. bxc3 Nbd7 12. Bb3 b6 13. Re1 Bb7 14. Ne5 Rac8
15. Bd2 Nxe5 16. Rxe5 Qc6 17. Qh3 Rfe8 18. Rae1 Nd7 19. d5 Qd6 20. Rh5 Nf6 21.
dxe6 Rxe6 22. Bxe6 Qxd2 23. Rhe5 Rxc3 24. Bb3 g6 25. Qh4 Kg7 26. h3 Bd5 27.
R5e2 Qd3 28. Re3 Qd2 29. Qb4 Rc2 30. Qxd2 Rxd2 31. Re7 Bxb3 32. axb3 Nd7 33.
R1e3 a5 34. Rf3 Nf6 35. Rb7 Rd1+ 36. Kh2 Rd6 37. Rc3 Ne4 38. Rf3 Nf6 39. Re3
Nh5 40. g3 g5 41. Re5 h6 42. Rb5 Nf6 43. R7xb6 Rd2 44. Rf5 Ne4 45. Rb7 Nf6 46.
Kg2 Ra2 47. Re5 Ng8 48. Rc5 1-0

[Event "Dr. Hetenyi Geza Memorial, GMB"]
[Site "Budapest"]
[Date "2017.12.16"]
[Round "5.5"]
[White "Sedlak, Nikola"]
[Black "Gonda, Laszlo"]
[Result "1/2-1/2"]
[WhiteElo "2552"]
[BlackElo "2507"]
[PlyCount "61"]
[EventDate "2017.12.12"]
[EventType "tourn"]
[EventRounds "9"]
[EventCountry "HUN"]
[EventCategory "8"]

1. d4 d5 2. c4 c6 3. Nc3 Nf6 4. e3 e6 5. Nf3 Nbd7 6. Qc2 Bd6 7. Bd3 O-O 8. O-O
dxc4 9. Bxc4 b5 10. Be2 Bb7 11. e4 e5 12. dxe5 Nxe5 13. Nd4 Neg4 14. g3 Re8 15.
Nf5 Bc5 16. Bf4 Qb6 17. Kg2 g6 18. h3 Ne5 19. Nh6+ Kg7 20. Bg5 Bd4 21. Bxf6+
Kxf6 22. f4 Nc4 23. Bxc4 bxc4 24. f5 c5 25. fxg6+ Kxg6 26. Nxf7 Rf8 27. Nd5
Qxb2 28. Ne7+ Kg7 29. Nf5+ Kg6 30. Ne7+ Kg7 31. Nf5+ 1/2-1/2